Central Library OPAC University of Rajshahi

উড়িষ্যা-কামরূপ বিজয়ী বাঙালী বীর কালাপাহাড় / (Record no. 76897)

MARC details
000 -LEADER
fixed length control field 01134nam a22002537a 4500
001 - CONTROL NUMBER
control field 76897
003 - CONTROL NUMBER IDENTIFIER
rucl marc code BD-RjUL
005 - DATE AND TIME OF LATEST TRANSACTION
control field 20211209082912.0
008 - FIXED-LENGTH DATA ELEMENTS--GENERAL INFORMATION
fixed length control field 200204s2017 bg ||||| |||| 00| 0 ben d
020 ## - INTERNATIONAL STANDARD BOOK NUMBER
International Standard Book Number 9789843422583
035 ## - SYSTEM CONTROL NUMBER
System control number (BD-RjUL)77121
040 ## - CATALOGING SOURCE
Original cataloging agency BD-RjUL
Language of cataloging eng
Transcribing agency BD-RjUL
041 ## - LANGUAGE CODE
Language code of text/sound track or separate title eng
082 ## - DEWEY DECIMAL CLASSIFICATION NUMBER
Edition number 23
Classification number 954.14
Author mark and year RAO 2017
100 ## - MAIN ENTRY--PERSONAL NAME
Personal name রহমান, সরদার আবদুর
9 (RLIN) 238744
245 ## - TITLE STATEMENT
Title উড়িষ্যা-কামরূপ বিজয়ী বাঙালী বীর কালাপাহাড় /
Statement of responsibility, etc. সরদার আবদুর রহমান
260 ## - PUBLICATION, DISTRIBUTION, ETC. (IMPRINT)
Place of publication, distribution, etc. রাজশাহী :
Name of publisher, distributor, etc. হেরিটেজ রাজশাহী,
Date of publication, distribution, etc. ২০১৭
300 ## - PHYSICAL DESCRIPTION
Pagination ১২০ পৃ. :
Illustrations চিত্র, ম্যাপ ;
Size ২২ সেমি.
490 ## - SERIES STATEMENT
Series statement বরেন্দ্র জীবনী গ্রন্থমালা-১
504 ## - BIBLIOGRAPHY, ETC. NOTE
Bibliography, etc বিবলিওগ্রাফি ও ইনডেক্স সম্বলিত।
651 ## - SUBJECT ADDED ENTRY--GEOGRAPHIC NAME
Geographic name Bengal (India)
General subdivision History, Military.
9 (RLIN) 238745
Geographic name Gaur (India)
General subdivision History, Military.
9 (RLIN) 238746
942 ## - ADDED ENTRY ELEMENTS (KOHA)
Source of classification or shelving scheme Dewey Decimal Classification
Koha item type Books
Holdings
Lost status Source of classification or shelving scheme Damaged status Not for loan Permanent Location Current Location Shelving location Date acquired Source of acquisition Cost, normal purchase price Total Checkouts Full call number Date last seen Copy number Koha item type
  Dewey Decimal Classification   Not For Loan Central Library, University of Rajshahi Central Library, University of Rajshahi Reading Room 08/12/2019 Heritage Rajshahi 200.00   B 954.14 RAO 2017 04/02/2020 C-1 Books
  Dewey Decimal Classification     Central Library, University of Rajshahi Central Library, University of Rajshahi   08/12/2019 Heritage Rajshahi 200.00   B 954.14 RAO 2017 04/02/2020 C-2 Books